00635nam a2200133 i 450000100060000000300090000600700030001500800410001810000340005924502800009326000470037370000210042085200600044131095ES-MaACLt|030128s1862 fr ||||1| fre d1 aBazin, Antoine-Pierre Ernest.10aLeçons théoriques et cliniques sur les affections cutanées de nature arthritique et dartrense considerées en elles mêmes et dans leurs rapport avec eruptions scropulenses parasitaries / cAntoine-Pierre Ernest Bazin ; rédigées et publiées par Lucient Sergent. aParís : b[s.n., c1862] (fE. Martinet)1 aSergent, Lucien. aES-MaACLjG-14082(3) q. - Encuadernado con otras obras